000 00497nam a2200181Ia 4500
001 2275
005 20260306143830.0
008 260306t2014||||xx |||||||||||||| ||spa||
041 _aESP
082 _a616.8527
_bR72
100 _aRocamora Bonilla, Alejandro
_eAUT
245 0 _aEstoy deprimido:
_b¿cómo salir de aquí?: claves psicológicas de ayuda personal y familiar
260 _c2014
300 _a212 páginas :
_c21 cm.
650 _aGEN
654 _aCPS
942 _cLIB
_dJUS
_fJUS
_2ddc
_n
999 _c2275
_d2275